| 000 | 00518nam a22001937a 4500 | ||
|---|---|---|---|
| 003 | OSt | ||
| 005 | 20140310182800.0 | ||
| 008 | 130213t xxu||||| |||| 00| 0 eng d | ||
| 020 | _a0805353860 | ||
| 050 |
_aQP 34.5 _b.M337 2004 |
||
| 100 | _aMarieb, Elaine N. | ||
| 245 |
_aEssentials of human anatomy & physiology / _cElaine N. Marieb |
||
| 260 |
_aSan Francisco : _b Benjamin Cummings , _c2004. |
||
| 300 |
_a494 p. : _bill. ; _c29 cm. |
||
| 521 | _aNUR | ||
| 562 | _e1 | ||
| 942 |
_2lcc _cBK _kFOR |
||
| 999 |
_c15962 _d15962 |
||